Southern Society and Its Transformations, 1790-1860 /
In Southern Society and Its Transformations, a new set of scholars challenge conventional perceptions of the antebellum South as an economically static region compared to the North. Showing that the pre-Civil War South was much more complex than once thought, the essays in this volume examine the ec...
| Cote: | Libro Electrónico |
|---|---|
| Collectivité auteur: | |
| Autres auteurs: | , , |
| Format: | Électronique eBook |
| Langue: | Inglés |
| Publié: |
Columbia [Mo.] :
University of Missouri Press,
2011
|
| Collection: | New currents in the history of Southern economy and society.
Book collections on Project MUSE. |
| Sujets: | |
| Accès en ligne: | Texto completo |
MARC
| LEADER | 00000cam a22000004a 4500 | ||
|---|---|---|---|
| 001 | musev2_22307 | ||
| 003 | MdBmJHUP | ||
| 005 | 20230905042356.0 | ||
| 006 | m o d | ||
| 007 | cr||||||||nn|n | ||
| 008 | 130418r20132011mou o 00 0 eng d | ||
| 020 | |a 9780826272430 | ||
| 020 | |z 9780826219183 | ||
| 035 | |a (OCoLC)868217770 | ||
| 040 | |a MdBmJHUP |c MdBmJHUP | ||
| 043 | |a n-usu-- | ||
| 050 | 4 | |a F213 |b .S688 2011 | |
| 245 | 0 | 0 | |a Southern Society and Its Transformations, 1790-1860 / |c edited by Susanna Delfino, Michele Gillespie, and Louis M. Kyriakoudes. |
| 264 | 1 | |a Columbia [Mo.] : |b University of Missouri Press, |c 2011 | |
| 264 | 3 | |a Baltimore, Md. : |b Project MUSE, |c 2014 | |
| 264 | 4 | |c ©2011 | |
| 300 | |a 1 online resource (270 pages): |b digital file. | ||
| 336 | |a text |b txt |2 rdacontent | ||
| 337 | |a computer |b c |2 rdamedia | ||
| 338 | |a online resource |b cr |2 rdacarrier | ||
| 490 | 0 | |a New currents in the history of Southern economy and society series | |
| 500 | |a Issued as part of book collections on Project MUSE. | ||
| 504 | |a Includes bibliographical references and index. | ||
| 505 | 0 | |a "A vile, immoral, and profligate course of life" : poor whites and the enforcement of vagrancy laws in antebellum Georgia / Keri Leigh Merritt -- The lynching of slaves : race, law, and the white community in the antebellum South / Michael J. Pfeifer -- Frontier capitalism : market migration to rural central Missouri, 1815-1860 / Jeff Bremer -- "Anything...that would pay" : yeoman farmers and the nascent market economy on the antebellum plantation frontier / Gary T. Edwards -- "Chased out on the slippery ice" : rural wage laborers in Baltimore's hinterlands, 1815-1860 / Max L. Grivno -- Professionalization and the Southern middle class / Jonathan Daniel Wells -- Education and professionals in the Old South : schooling's impact on career and social class / Jennifer R. Green -- Corporate entrepreneurship in the antebellum South / Robert E. Wright -- "In pursuit of their livelihood" : credit and debt relations among Natchez planters in the 1820s / Elbra David. | |
| 506 | |a Access restricted to authorized users and institutions. | ||
| 520 | |a In Southern Society and Its Transformations, a new set of scholars challenge conventional perceptions of the antebellum South as an economically static region compared to the North. Showing that the pre-Civil War South was much more complex than once thought, the essays in this volume examine the economic lives and social realities of three overlooked but important groups of southerners: the working poor, non-slaveholding whites, and middling property holders such as small planters, professionals, and entrepreneurs. | ||
| 588 | |a Description based on print version record. | ||
| 651 | 0 | |a Southern States |x Civilization |y 1775-1865. | |
| 651 | 0 | |a Southern States |x Economic conditions |y 19th century. | |
| 651 | 0 | |a Southern States |x Social conditions |y 19th century. | |
| 651 | 0 | |a Southern States |x Social conditions |y 18th century. | |
| 651 | 0 | |a Southern States |x Economic conditions |y 18th century. | |
| 651 | 0 | |a Southern States |x Race relations |x History. | |
| 655 | 7 | |a Electronic books. |2 local | |
| 700 | 1 | |a Kyriakoudes, Louis M. | |
| 700 | 1 | |a Gillespie, Michele. | |
| 700 | 1 | |a Delfino, Susanna, |d 1949- | |
| 710 | 2 | |a Project Muse. | |
| 776 | 1 | 8 | |i Print version: |z 0826219187 |z 9780826219183 |
| 710 | 2 | |a Project Muse. |e distributor | |
| 830 | 0 | |a New currents in the history of Southern economy and society. | |
| 830 | 0 | |a Book collections on Project MUSE. | |
| 856 | 4 | 0 | |z Texto completo |u https://projectmuse.uam.elogim.com/book/22307/ |
| 945 | |a Project MUSE - Custom Collection | ||
| 945 | |a Project MUSE - Archive Complete Supplement II | ||
| 945 | |a Project MUSE - Archive US Regional Studies, South Supplement II | ||


